000 00262nam a22001217a 4500
008 170912b xxu||||| |||| 00| 0 eng d
041 _aeng
080 _a53
100 _a43
101 _aAST
245 _aTHE PHYSICS OF FLUIDS
_cFRENKIEL,F.N
942 _2udc
_cBK
999 _c27381
_d27381